书目信息 |
| 题名: |
美术欣赏
|
|
| 作者: | 易镜荣 编著 | |
| 分册: | ||
| 出版信息: | 北京 清华大学出版社 2021.1 |
|
| 页数: | 323页 | |
| 开本: | 26cm | |
| 丛书名: | 高等院校人文素质教育课程规划教材 | |
| 单 册: | ||
| 中图分类: | J05 , J205.1 | |
| 科图分类: | ||
| 主题词: | 品鉴--高等学校--教材 | |
| 电子资源: | ||
| ISBN: | 978-7-302-49007-4 | |
| 000 | 01133nam 2200337 45 | |
| 001 | 489781 | |
| 005 | 20211020162552.58 | |
| 010 | @a978-7-302-49007-4@dCNY69.00 | |
| 099 | @aCAL 012018044557 | |
| 100 | @a20180303d2018 em y0chiy0110 ea | |
| 101 | 0 | @achi |
| 102 | @aCN@b110000 | |
| 105 | @aac a 000yy | |
| 106 | @ar | |
| 200 | 1 | @a美术欣赏@AMei Shu Xin Shang@f易镜荣编著 |
| 205 | @a第3版 | |
| 210 | @a北京@c清华大学出版社@d2021.1 | |
| 215 | @a323页@c彩图, 肖像@d26cm | |
| 225 | 2 | @a高等院校人文素质教育课程规划教材@AGao Deng Yuan Xiao Ren Wen Su Zhi Jiao Yu Ke Cheng Gui Hua Jiao Cai |
| 300 | @a现代大众文化审美读本 | |
| 305 | @a2006年第1版 | |
| 320 | @a有书目 | |
| 330 | @a本书共7章: 美术概述; 美术作品的分类; 怎样欣赏美术作品; 中国现代美术名家名作介绍; 中国古代美术名家名作介绍; 世界美术名家名作介绍; 美术作品欣赏实践等。 | |
| 333 | @a高校相关专业师生 | |
| 461 | 0 | @12001 @a高等院校人文素质教育课程规划教材 |
| 606 | 0 | @a品鉴@x高等学校@j教材 |
| 690 | @aJ05@v5 | |
| 690 | @aJ205.1@v5 | |
| 701 | 0 | @a易镜荣@AYi Jing Rong@4编著 |
| 801 | @aCN@b江苏凤凰@c20211018 | |
| 905 | @b1356350-3@dJ05@e637=3@f4 | |
| 美术欣赏/易镜荣编著.-第3版.-北京:清华大学出版社,2021.1 |
| 323页:彩图, 肖像;26cm.-(高等院校人文素质教育课程规划教材) |
| 现代大众文化审美读本.-使用对象:高校相关专业师生 |
| ISBN 978-7-302-49007-4:CNY69.00 |
| 本书共7章: 美术概述; 美术作品的分类; 怎样欣赏美术作品; 中国现代美术名家名作介绍; 中国古代美术名家名作介绍; 世界美术名家名作介绍; 美术作品欣赏实践等。 |
| ● |
| 相关链接 |
|
|
|
|
正题名:美术欣赏
索取号:J05/637=3
 
预约/预借
| 序号 | 登录号 | 条形码 | 馆藏地/架位号 | 状态 | 备注 |
| 1 | 1356350 | 213563507 | 第一样本阅览室/ [索取号:J05/637=3] | 在馆 | |
| 2 | 1356351 | 213563516 | 第一借阅区/ [索取号:J05/637=3] | 在馆 | |
| 3 | 1356352 | 213563525 | 第一借阅区/ [索取号:J05/637=3] | 在馆 | |
| 4 | 1356353 | 213563534 | 第一借阅区/ [索取号:J05/637=3] | 在馆 |